Adobe Photoshop : teknik kombinasi gambar digital

Bibliographic Details
Main Author: Iskandar Ab Rashid
Format: Book
Published: Selangor : Venton Publishing (M) Sdn Bhd , 2010
Subjects:

MARC

LEADER 00000cam a2200000 7i4500
001 0000043491
005 20141126.0
008 141126
020 |a 9673700325 
090 0 0 |a 006.6869   |b ISK 
100 0 |a Iskandar Ab Rashid 
245 1 0 |a Adobe Photoshop :   |b teknik kombinasi gambar digital   |c Iskandar Ab Rashid 
260 |a Selangor :   |b Venton Publishing (M) Sdn Bhd ,   |c 2010 
650 0 |a Computer graphics 
999 |a 0001296208   |b Book   |c Adult Collection   |e Perbadanan Perpustakaan Awam Johor